|
|
|
|
| LEADER |
00000nam a2200000 a 4500 |
| 001 |
vtls011889157 |
| 003 |
SK-MaSNL |
| 005 |
20260301225353.0 |
| 008 |
251112s1573 be f 000 0 lat |
| 015 |
|
|
|a SNBHFA1574
|
| 040 |
|
|
|a SNKHF
|b slo
|c SNK
|e AACR2
|
| 041 |
0 |
|
|a lat
|
| 044 |
|
|
|a be
|c BE
|
| 072 |
|
7 |
|a 2-1
|x Prirodzená teológia. Náboženská filozofia
|2 konspekt
|
| 080 |
|
|
|a 2‑21
|2 2011
|
| 080 |
|
|
|a 2‑1
|2 2011
|
| 080 |
|
|
|a 27‑74
|2 2011
|
| 100 |
1 |
|
|a Kanízius, Peter,
|c svätý,
|d 1521-1597
|4 aut
|9 44714
|
| 245 |
1 |
0 |
|a Svmma Doctrinae Christianae Per Qvaestiones loculẽter cõscripta, nũc demũ recognita & locupletata. Autore D. Petro Canisio, Societatis Iesv Theologo, vt ex eius noua Praefatione constabit. Accessit huic recognitioni authoritas decretum & priuilegium Ferdinandi Imp. & Philippi Regis Hisp.
|
| 260 |
|
|
|a Leodii
|b Apud Impensis Henricum Houium
|c M. D. LXXIIII. [=1574]
|e Leodii
|f Typis Gvalteri Morberij Typographi iuratj
|g Anno 1573
|
| 300 |
|
|
|a 135, [15] listov
|c 12°
|c 11 × 6,5 cm
|
| 500 |
|
|
|a Iniciálky s figurálnym pozadím v rámčeku na 6 riadkov, drevorezová ilustrácia s biblickou tematikou
|
| 504 |
|
|
|a Marginálie, kustody
|
| 510 |
4 |
|
|a Index Aurel. 131.141
|
| 546 |
|
|
|a Latinčina
|b Antiqua
|b Kurzíva
|
| 550 |
|
|
|a Impresum doplnené z kolofónu
|
| 561 |
|
|
|a Z knižnice františkánov Malacky. - Oválna pečiatka Sigillum Conventus P. P. Franciscaner Malackaensis.
|5 SNK IE 10553
|
| 562 |
|
|
|a Rukopisný exlibris: Contus Malacz.
|5 SNK IE 10553
|
| 563 |
|
|
|a Väzba: hnedo-žltá koža s ornamentálnou slepotlačou, mierne poškodená.
|5 SNK IE 10553
|
| 650 |
0 |
7 |
|a teológia
|2 SNKPH
|9 1814
|
| 650 |
0 |
7 |
|a kresťanstvo
|2 SNKPH
|9 2024
|
| 650 |
0 |
7 |
|a náboženstvo
|2 SNKPH
|9 2023
|
| 700 |
1 |
|
|a Hovius, Henricus,
|d zomrel po 1611
|4 prt
|9 128324
|
| 700 |
1 |
|
|a Morberius, Gualterus
|d 16. stor
|4 pbl
|9 129308
|
| 710 |
1 |
|
|a Františkáni (Malacky, Slovensko)
|4 fmo
|9 303409
|
| 710 |
0 |
|
|a Hovius, Henricus (Liège, Belgicko),
|d 1566-1611
|4 prt
|9 499220
|
| 710 |
0 |
|
|a Morberius, Walther (Liège, Belgicko)
|4 pbl
|9 618858
|
| 752 |
|
|
|a Belgicko
|d Liège
|
| 852 |
|
|
|a snk
|b Františkáni Malacky
|p IE 10553
|
| 958 |
|
|
|a DA
|
| 999 |
|
|
|c 950640
|d 952570
|
| 952 |
|
|
|t Fr Ma 23 080
|a SNK
|b SNK
|c SNK_HF
|y PREZ
|7 0
|p 17A1355931
|o snkIE 10553
|i snk2019/23763
|8 5
|0 0
|1 0
|4 0
|d 2019-09-24
|f 1
|l 0
|r 2026-02-24 09:47:08
|w 2026-02-24
|